College Quizbowl Stats
College Quizbowl Stats
Circuits
Seasons
Sets
Records
Detailed Stats
About
Loading...
2024 ACF Winter at Ohio State
Tossups
Bonuses
Players
Teams
Categories (Tossup)
Categories (Bonus)
Nadita
Case Western D
Categories
Category
Powers
Gets
Negs
BBs
Points
Earliest Buzz
Avg. Buzz
First Buzzes
Top 3 Buzzes
BPA
PVF
History - American
0
1
0
0
10
96
96.00
0
0
0.00
0.00
Science - Biology
0
1
0
0
10
115
115.00
0
0
0.00
0.00
Science - Other
0
1
0
0
10
97
97.00
0
1
0.00
0.00
Literature - European
0
0
1
0
-5
0.00
0
0
0.00
0.00
Buzzes
Category
Answer
Value
Buzz Position
History - American
Dred Scott
10
96
Science - Other
MATLAB
10
97
Literature - European
Nikolai Gogol
-5
99
Science - Biology
DNA sequencing
10
115
Previous
1
Next